00565nam a2200193 i 4500003000900000005001700009007000300026008004100029020001500070040003000085082001300115100003000128245004000158264004600198300003800244336002700282337003400309338002800343DO-SdBNP20240711135639.0ta240711b1976 sp c 00| 0 spa d a8402049893 aDO-SdBNPbspacBNPHUerda 4bB361222 aBayona, José Ma.eautor10aJuan Carlos I /cJosé Ma. Bayona  aBarcelona, España :bBruguera, c1976. a348 páginas :bretratosc24 cm. 2rdacontentatextobtxt 2rdamediaasin mediaciónbnc 2rdacarrieravolumenbnc